| 000 | | | 05059nac2a22003613x 450 |
| 001 | | | 08d46a33-1fc9-4b1d-8444-0364026de72a |
| 005 | | | 20240819231440.0 |
| 100 | ## | $a | 20240716l18811881k y0rusy50 ca |
| 101 | 0# | $a | rus |
| 102 | ## | $a | RU |
| 105 | ## | $a | y z ||||| |
| 122 | 2# | $a | d18811111 |
| | $a | d18811215 |
| 200 | 1# | $a | Зубкова |
| | $j | 11\23.11-15.12.1881 |
| 215 | ## | $a | 6 листов |
| | $d | 37,3 х 24,4 |
| 251 | ## | $c | Дело |
| 300 | ## | $a | Заголовок дела на папке: Письма Зубкова к М. Т. Лорис-Меликову |
| 300 | ## | $a | Рукописный текст |
| 325 | ## | $a | Замикрофильмировано |
| 330 | ## | $a | Входит в раздел описи: Письма разных лиц к Лорис-Меликову |
| 461 | #0 | $1 | 001cda3d175-ae4a-411a-8dea-9cc20fb178f6 |
| | $1 | 2001 |
| | $a | Лорис-Меликов Михаил Тариелович, граф, министр внутренних дел, главный начальник "верховной распорядительной комиссии по охранению государственного порядка и общественного спокойствия", генерал от кавалерии |
| | $1 | 251 |
| | $c | Фонд |
| | $1 | 852 |
| | $j | 569 |
| 462 | #0 | $1 | 001163e060a-d7cc-404d-90ee-e28c9801971b |
| | $1 | 2001 |
| | $a | Опись дел фонда М. Т. Лорис-Меликова за 1858-1915 гг. |
| | $v | Д. 178 |
| | $1 | 251 |
| | $c | Опись |
| | $1 | 852 |
| | $j | 1 |
| 517 | 1# | $a | Письма Зубкова к М. Т. Лорис-Меликову |
| 600 | #1 | $a | Зубков |
| 600 | #1 | $a | Лорис-Меликов |
| | $b | М. Т. |
| | $g | Михаил Тариелович |
| 605 | ## | $3 | DITM\AF\0000002775 |
| | $a | Власть |
| | $l | коллекция |
| | $2 | acquisition_prlib |
| 610 | 1# | $a | Письма |
| 686 | ## | $a | 63.3(2)535-332ю1 |
| | $c | История |
| | $2 | rubbk |
| 686 | ## | $a | 67.400.6ю1 |
| | $c | Право |
| | $2 | rubbk |
| 700 | #1 | $a | Зубков |
| 702 | #1 | $a | Лорис-Меликов |
| | $b | М. Т. |
| | $g | Михаил Тариелович |
| | $4 | 660 |
| 801 | #0 | $a | RU |
| | $b | GA_RF |
| 801 | #1 | $a | RU |
| | $b | ГлавНИВЦ |
| | $c | 20240716 |
| | $2 | rusmarc |
| 801 | #2 | $a | RU |
| | $b | ПБ им. Б.Н. Ельцина |
| | $c | 20240819 |
| | $g | RCR |
| | $2 | rusmarc |
| 852 | ## | $a | ГА РФ |
| | $j | 178 |
| 937 | ## | $d | 193628214 |
| | $h | ГАРФ |
| 035 | ## | $a | RuPRLIB51076581 |
| 856 | ## | $u | http://readingroom.main.prlib.ru/item.aspx?id_node=n193628214&mode=full |